00362nam a22001337a 4500008004100000020001500041050002100056100002400077245005400101250001200155260002500167300001600192650002000208220513b |||||||| |||| 00| 0 eng d a0198062303 aHB172b.S25 2009 aSalvatore, Dominick aPrinciples of Microeconomics cDominick Salvatore a5th ed. aNew DelhibOUPc2009 axxxv, 633p. aMicroeconomics